The Case Manager's Training Manual : (Record no. 617911)

MARC details
000 -LEADER
fixed length control field 00517nam a2200193 a 4500
008 - FIXED-LENGTH DATA ELEMENTS--GENERAL INFORMATION
fixed length control field 260318s2001##################000#0#eng##
020 ## - INTERNATIONAL STANDARD BOOK NUMBER
ISBN 9780834219304
082 04 - DEWEY DECIMAL CLASSIFICATION NUMBER
Classification number 362.1068
Item number PLO
100 1# - MAIN ENTRY--AUTHOR NAME
Personal name Plocher, David W.,
245 10 - TITLE STATEMENT
Title The Case Manager's Training Manual :
260 ## - PUBLICATION, DISTRIBUTION, ETC. (IMPRINT)
Name of publisher Jones & Bartlett Learning,
Year of publication 2001.
300 ## - PHYSICAL DESCRIPTION
Number of Pages 332 pages
650 #0 - SUBJECT ADDED ENTRY--TOPICAL TERM
Topical Term Medical.
942 ## - ADDED ENTRY ELEMENTS (KOHA)
Koha item type English Books
Holdings
Withdrawn status Lost status Damaged status Not for loan Home library Current library Shelving location Date acquired Full call number Accession Number Price effective from Koha item type
        Anna Centenary Library Anna Centenary Library 4TH FLOOR, A WING 18.03.2026 362.1068 PLO 398883 18.03.2026 English Books

Find us on the map